MARC details
| 000 -LEADER |
| fixed length control field |
02556nam a2200577 i 4500 |
| 001 - CONTROL NUMBER |
| control field |
in503329126 |
| 003 - CONTROL NUMBER IDENTIFIER |
| control field |
Ingram |
| 005 - DATE AND TIME OF LATEST TRANSACTION |
| control field |
20250430173424.0 |
| 008 - FIXED-LENGTH DATA ELEMENTS--GENERAL INFORMATION |
| fixed length control field |
240604s2024 nyua c 6 000 0 eng d |
| 020 ## - INTERNATIONAL STANDARD BOOK NUMBER |
| International Standard Book Number |
9780593808788 |
| Qualifying information |
(paperback) |
| 020 ## - INTERNATIONAL STANDARD BOOK NUMBER |
| International Standard Book Number |
0593808789 |
| Qualifying information |
(paperback) |
| 035 ## - SYSTEM CONTROL NUMBER |
| System control number |
(OCoLC)1423040431 |
| 040 ## - CATALOGING SOURCE |
| Original cataloging agency |
TnLvILS |
| Language of cataloging |
eng |
| Description conventions |
rda |
| Transcribing agency |
TnLvILS |
| Modifying agency |
TnLvILS |
| 082 04 - DEWEY DECIMAL CLASSIFICATION NUMBER |
| Classification number |
741.5/973 |
| Edition number |
23/eng/20240917 |
| 092 ## - LOCALLY ASSIGNED DEWEY CALL NUMBER (OCLC) |
| Classification number |
junior graphic |
| Item number |
Ward |
| 100 ## - MAIN ENTRY--PERSONAL NAME |
| Personal name |
Ward, Pendleton, |
| 9 (RLIN) |
6544098 |
| 245 10 - TITLE STATEMENT |
| Title |
Adventure time : |
| Remainder of title |
with Finn & Jake. |
| Name of part/section of a work |
Journey to Ooo / |
| Statement of responsibility, etc |
created by Pendleton Ward. |
| 246 3# - VARYING FORM OF TITLE |
| Title proper/short title |
Adventure time : |
| Remainder of title |
with Finn and Jake. |
| Name of part/section of a work |
Journey to Ooo |
| 246 30 - VARYING FORM OF TITLE |
| Title proper/short title |
Journey to Ooo |
| 246 1# - VARYING FORM OF TITLE |
| Display text |
At head of title: |
| Title proper/short title |
CN Cartoon Network |
| 264 #1 - Production, Publication, Distribution, Manufacture, and Copyright Notice. |
| Place of production, publication, distribution, manufacture |
New York : |
| Name of producer, publisher, distributor, manufacturer |
Random House, |
| Date of production, publication, distribution, manufacture, or copyr |
[2024] |
| 300 ## - PHYSICAL DESCRIPTION |
| Extent |
80 pages : |
| Other physical details |
color illustrations ; |
| Dimensions |
23 cm |
| 336 ## - Content Type |
| Content type term |
text |
| 336 ## - Content Type |
| Content type term |
still image |
| 337 ## - Media type |
| Media type term |
unmediated |
| 338 ## - Carrier type |
| Carrier type term |
volume |
| 490 1# - SERIES STATEMENT |
| Series statement |
Adventure time |
| 490 1# - SERIES STATEMENT |
| Series statement |
Screen comix |
| 505 0# - FORMATTED CONTENTS NOTE |
| Formatted contents note |
Dungeon -- Fionna and Cake. |
| 520 ## - SUMMARY, ETC. |
| Summary, etc |
"Graphic novel-style retellings with full color scenes and dialogue from the action-packed animated series. Follow Finn and Jake on journeys based on two classic episodes of Adventure Time: 'Dungeon' and 'Fionna and Cake.' Can they stop the Ice King's chilling plans and defend the land of Occ?"-- |
| 600 00 - SUBJECT ADDED ENTRY--PERSONAL NAME |
| Personal name |
Jake |
| Titles and other words associated with a name |
(Fictitious character from Ward) |
| Form subdivision |
Comic books, strips, etc |
| 9 (RLIN) |
6542074 |
| 600 00 - SUBJECT ADDED ENTRY--PERSONAL NAME |
| Personal name |
Finn |
| Titles and other words associated with a name |
(Fictitious character from Ward) |
| Form subdivision |
Comic books, strips, etc. |
| 9 (RLIN) |
6542075 |
| 600 01 - SUBJECT ADDED ENTRY--PERSONAL NAME |
| Personal name |
Jake |
| Titles and other words associated with a name |
(Fictitious character from Ward) |
| Form subdivision |
Fiction. |
| 9 (RLIN) |
6542077 |
| 600 01 - SUBJECT ADDED ENTRY--PERSONAL NAME |
| Personal name |
Finn |
| Titles and other words associated with a name |
(Fictitious character from Ward) |
| Form subdivision |
Fiction. |
| 9 (RLIN) |
6542078 |
| 650 #0 - SUBJECT ADDED ENTRY--TOPICAL TERM |
| Topical term or geographic name as entry element |
Imaginary places |
| Form subdivision |
Comic books, strips, etc. |
| 650 #0 - SUBJECT ADDED ENTRY--TOPICAL TERM |
| Topical term or geographic name as entry element |
Adventure and adventurers |
| Form subdivision |
Comic books, strips, etc. |
| 9 (RLIN) |
5688301 |
| 650 #0 - SUBJECT ADDED ENTRY--TOPICAL TERM |
| Topical term or geographic name as entry element |
Comic books, strips, etc. |
| Form subdivision |
United States. |
| 9 (RLIN) |
6542076 |
| 650 #1 - SUBJECT ADDED ENTRY--TOPICAL TERM |
| Topical term or geographic name as entry element |
Imaginary places |
| Form subdivision |
Fiction. |
| 9 (RLIN) |
5676147 |
| 650 #1 - SUBJECT ADDED ENTRY--TOPICAL TERM |
| Topical term or geographic name as entry element |
Adventure and adventurers |
| Form subdivision |
Fiction. |
| 9 (RLIN) |
102533 |
| 650 #1 - SUBJECT ADDED ENTRY--TOPICAL TERM |
| Topical term or geographic name as entry element |
Cartoons and comics. |
| 655 #7 - INDEX TERM--GENRE/FORM |
| Genre/form data or focus term |
Fantasy comics. |
| Source of term |
lcgft |
| 655 #7 - INDEX TERM--GENRE/FORM |
| Genre/form data or focus term |
Humorous comics. |
| Source of term |
lcgft |
| 9 (RLIN) |
5716565 |
| 655 #7 - INDEX TERM--GENRE/FORM |
| Genre/form data or focus term |
Graphic novel adaptations. |
| Source of term |
lcgft |
| 9 (RLIN) |
5803233 |
| 655 #7 - INDEX TERM--GENRE/FORM |
| Genre/form data or focus term |
Comics (Graphic works) |
| Source of term |
lcgft |
| 9 (RLIN) |
5689343 |
| 655 #7 - INDEX TERM--GENRE/FORM |
| Genre/form data or focus term |
Graphic novels. |
| Source of term |
lcgft |
| 710 2# - ADDED ENTRY--CORPORATE NAME |
| Corporate name or jurisdiction name as entry element |
Cartoon Network (Television network) |
| 9 (RLIN) |
76217 |
| 730 02 - ADDED ENTRY--UNIFORM TITLE |
| Uniform title |
Adventure time (Television program) |
| 830 #0 - SERIES ADDED ENTRY--UNIFORM TITLE |
| Uniform title |
Adventure time. |
| 9 (RLIN) |
6542079 |
| 830 #0 - SERIES ADDED ENTRY--UNIFORM TITLE |
| Uniform title |
Screen comix. |
| 9 (RLIN) |
6477209 |
| 942 ## - ADDED ENTRY ELEMENTS (KOHA) |
| Source of classification or shelving scheme |
Dewey Decimal Classification |
| Koha item type |
BOOK |